Wonderful baby / (Record no. 48561)
| 000 -LEADER | |
|---|---|
| fixed length control field | 00339nam a2200109 4500 |
| 020 ## - INTERNATIONAL STANDARD BOOK NUMBER | |
| International Standard Book Number | 9780745977911 |
| 100 ## - MAIN ENTRY--PERSONAL NAME | |
| Personal name | Hartman, Bob, |
| Relator term | author. |
| 9 (RLIN) | 81210 |
| 245 ## - TITLE STATEMENT | |
| Title | Wonderful baby / |
| Statement of responsibility, etc | By Bob Hartman and Ruth Hearson. |
| 260 ## - PUBLICATION, DISTRIBUTION, ETC. (IMPRINT) | |
| Place of publication, distribution, etc | Oxford, England; |
| Name of publisher, distributor, etc | Lion Hudson Limited., |
| Date of publication, distribution, etc | 2020. |
| 300 ## - PHYSICAL DESCRIPTION | |
| Extent | 10 pages. |
| Dimensions | 7.09 x 0.4 x 7.09 inches. |
| 942 ## - ADDED ENTRY ELEMENTS (KOHA) | |
| Source of classification or shelving scheme | |
| Koha item type | Board Book |
| Withdrawn status | Lost status | Source of classification or shelving scheme | Damaged status | Not for loan | Home library | Current library | Date acquired | Total Checkouts | Full call number | Barcode | Date last seen | Date checked out | Price effective from | Koha item type |
|---|---|---|---|---|---|---|---|---|---|---|---|---|---|---|
| Logos International School | Logos International School | 03/11/2025 | 3 | BB HAR | 040490 | 10/02/2025 | 09/18/2025 | 03/11/2025 | Board Book |